000
00248nam a2200097Ia 4500
001
659865
005
20250826160103.0
008
250824s9999 xx 000 0 und d
245
0
_a
Geceleri Gökyüzü
_c
Michael Driscoll
260
_b
TÜBİTAK YAYINLARI
999
_c
659865
_d
659865